000 00701 a2200205 4500
010 _aENG-85938
020 _a8120329759
_c225.00
035 _aEN-69471
037 _bD.B.Act / Pub
082 1 4 _a660.63
090 _c3822
_d3822
100 1 _aInamdar, Syed Tanveer Ahmed
245 1 _aBiochemical engineering
_cby Syed Tanveer Ahmed Inamdar
_bprinciples and concepts
260 _aNew Delhi
_bPrentice Hall of India
_c2007
270 _aM-97, Cannaught Circus
_bNew Delhi
_e110 001
300 _axvi, 280 p.
_b24 cm. (Pbk.)
500 _aIncludes glossary and index
942 _adpl
_cEN
_k660.63 / INA
999 _c3744
_d3744